LEADER 01065cam0 2200253 450 001 E600200032585 005 20210924103025.0 100 $a20071218d1934 |||||ita|0103 ba 101 $aita 102 $aIT 200 1 $aBrevi note sulla vita di Augusto a Capri$enota letta alla R. Accademia di archeologia Lettere e Belle arti di Napoli nella tornata del 13 febbraio 1934$fdal socio Amedeo Maiuri 210 $aNapoli$cTipografia della R. Accademia di Archeologia Lettere e B. Arti$d1934 215 $aP. 211-226$d24 cm 300 $aEstratto da: Atti R. Accademia archeol. lettere e b. arti, n. serie, v. 13., 1933-1934. 700 1$aMaiuri$b, Amedeo$3AF00009672$4070$03563 801 0$aIT$bUNISOB$c20210924$gRICA 850 $aUNISOB 852 $aUNISOB$j900|Opusc$m77930 912 $aE600200032585 940 $aM 102 Monografia moderna SBN 941 $aM 957 $a900|Opusc$b000134$gSi$d77930$rDono$1pregresso2$2UNISOB$3UNISOB$420071218095033.0$520210924103025.0$6rovito 996 $aBrevi note sulla vita di Augusto a Capri$91687944 997 $aUNISOB